Países con mayor contaminación atmosférica - Estadísticas

Estadísticas generales
  • Esta prueba ha sido intentada 48 veces
  • La puntuación promedio es 12 de 20
Estadísticas de respuestas
μg/m3 país % Correcto
52,7 China
100%
90,9 India
98%
60,8 Bangladés
88%
58,3 Pakistán
77%
61,6 Irak
72%
94,1 Níger
67%
71,8 Nigeria
67%
55,4 Sudán
67%
56,9 Afganistán
65%
87,0 Egipto
65%
87,9 Arabia Saudita
60%
99,7 Nepal
56%
91,2 Catar
49%
54,3 Libia
47%
70,8 Baréin
40%
66,0 Chad
37%
60,7 Kuwait
37%
72,8 Camerún
33%
56,8 República Centroafricana
26%
53,2 Guinea Ecuatorial
9%
No se encontraron pruebas coincidentes
Distribución de puntuación
Porcentaje de gente con cada puntuación
Porcentaje por número respondido
Historial de tus puntuaciones
No has intentado esta prueba.